000 00508nam a2200181Ia 4500
003 OSt
005 20260102152349.0
008 210210b1948 xxu||||| |||| 00| 0 eng d
040 _cAL
041 _akan
082 _a859/1835
100 _aSHANKARABHATTA KADENGODLU
_9156602
_dಶಂಕರಭಟ್ಟ ಕಡೆಂಗೋಡ್ಲು
245 _aLokada kannu:
_bಲೋಕದ ಕಣ್ಣು
260 _aMangaluru
_b-
_c1948
690 _aKannada Fiction
_9156603
906 _a022553
942 _2ddc
_cBK
999 _c146965
_d146965